identify and grow your child's talents : (Record no. 32447)

000 -LEADER
fixed length control field 00685nam a2200181 4500
008 - FIXED-LENGTH DATA ELEMENTS--GENERAL INFORMATION
fixed length control field 260528b |||||||| |||| 00| 0 eng d
020 ## - INTERNATIONAL STANDARD BOOK NUMBER
International Standard Book Number 9789966590060
050 ## - LIBRARY OF CONGRESS CALL NUMBER
Classification number HQ770
Item number .R63 2020
100 ## - MAIN ENTRY--PERSONAL NAME
Personal name Robert Wafula
245 ## - TITLE STATEMENT
Title identify and grow your child's talents :
Remainder of title The sure bridge for career success /
Statement of responsibility, etc. DR. Wafula Robert
260 ## - PUBLICATION, DISTRIBUTION, ETC. (IMPRINT)
Place of publication, distribution, etc. Kenya Bungoma :
Name of publisher, distributor, etc. Kibabii university press,
Date of publication, distribution, etc. 2020
300 ## - PHYSICAL DESCRIPTION
Extent xvi,136 pages :
Other physical details illustration ;
Dimensions 22cm.
440 ## - SERIES STATEMENT/ADDED ENTRY--TITLE
Title CBC compliant 2020
500 ## - GENERAL NOTE
General note Ideal for Primary, Secondary and colleges student.
650 ## - SUBJECT ADDED ENTRY--TOPICAL TERM
Topical term or geographic name as entry element Competency Based Curriculum
Geographic subdivision Kenya
650 ## - SUBJECT ADDED ENTRY--TOPICAL TERM
Topical term or geographic name as entry element Kenya Education
942 ## - ADDED ENTRY ELEMENTS (KOHA)
Source of classification or shelving scheme
Koha item type Hard Covered Materials
Classification part HQ770 .R63 2020
Holdings
Withdrawn status Lost status Source of classification or shelving scheme Damaged status Not for loan Home library Current library Shelving location Date acquired Source of acquisition Cost, normal purchase price Total Checkouts Full call number Barcode Date last seen Price effective from Koha item type
          MACHAKOS UNIVERSITY LIBRARY MACHAKOS UNIVERSITY LIBRARY Open shelf 21/05/2026 KNTCC 4122.72   HQ770 .R63 2020 40457 28/05/2026 28/05/2026 Hard Covered Materials
          MACHAKOS UNIVERSITY LIBRARY MACHAKOS UNIVERSITY LIBRARY Open shelf 21/05/2026 KNTCC 4122.72   HQ770 .R63 2020 40458 28/05/2026 28/05/2026 Hard Covered Materials
          MACHAKOS UNIVERSITY LIBRARY MACHAKOS UNIVERSITY LIBRARY Open shelf 21/05/2026 KNTCC 4122.72   HQ770 .R63 2020 40459 28/05/2026 28/05/2026 Hard Covered Materials
          MACHAKOS UNIVERSITY LIBRARY MACHAKOS UNIVERSITY LIBRARY Open shelf 21/05/2026 KNTCC 4122.72   HQ770 .R63 2020 40460 28/05/2026 28/05/2026 Hard Covered Materials
© Machakos University Library, Along The Highway, Machakos Wote Rd, Machakos, Kenya P.O. Box 136 - 90100 Machakos - Kenya

Tel: ( +254 ) 723 805829 OR Fax : 044-20353 OR Email: library@mksu.ac.ke